Effect of fermented rice bran on growth rate of chicken and faecal indigenous microflora; ឥទ្ធិពលល្បើងកន្ទក់ លើការលូតលាស់របស់មាន់សាច់ និងវត្តមាន មីក្រូសារពាង្គកាយក្នុងលាមក (Record no. 10232)
[ view plain ]
| 000 -LEADER | |
|---|---|
| fixed length control field | 00713nam a22001577a 4500 |
| 003 - CONTROL NUMBER IDENTIFIER | |
| control field | OSt |
| 005 - DATE AND TIME OF LATEST TRANSACTION | |
| control field | 20160922153751.0 |
| 008 - FIXED-LENGTH DATA ELEMENTS--GENERAL INFORMATION | |
| fixed length control field | 160922b xxu||||| |||| 00| 0 eng d |
| 040 ## - CATALOGING SOURCE | |
| Transcribing agency | RUA |
| 082 ## - DEWEY DECIMAL CLASSIFICATION NUMBER | |
| Classification number | MGR NEA 2004 B388 Or. |
| 100 ## - MAIN ENTRY--PERSONAL NAME | |
| 9 (RLIN) | 10637 |
| Personal name | NEANG SOKHORN; នាង សុឃន |
| 245 ## - TITLE STATEMENT | |
| Title | Effect of fermented rice bran on growth rate of chicken and faecal indigenous microflora; ឥទ្ធិពលល្បើងកន្ទក់ លើការលូតលាស់របស់មាន់សាច់ និងវត្តមាន មីក្រូសារពាង្គកាយក្នុងលាមក |
| 260 ## - PUBLICATION, DISTRIBUTION, ETC. (IMPRINT) | |
| Place of publication, distribution, etc. | RUA |
| Name of publisher, distributor, etc. | Phnom Penh |
| Date of publication, distribution, etc. | 2004 |
| 300 ## - PHYSICAL DESCRIPTION | |
| Extent | 61p. |
| Other physical details | ill. |
| Dimensions | 29cm. |
| 942 ## - ADDED ENTRY ELEMENTS (KOHA) | |
| Source of classification or shelving scheme | |
| Koha item type | MGR |
| Price effective from | Date last seen | Permanent Location | Not for loan | Date acquired | Date last checked out | Source of classification or shelving scheme | Total Checkouts | Koha item type | Barcode | Lost status | Damaged status | Withdrawn status | Current Location | Full call number |
|---|---|---|---|---|---|---|---|---|---|---|---|---|---|---|
| 2016-09-22 | 2016-09-22 | Library Block B | 2016-09-22 | MGR | A01558 | Library Block B | MGR NEA 2004 B388 Or.1 | |||||||
| 2016-09-22 | 2016-09-22 | Library Block B | 2016-09-22 | MGR | A00205 | Library Block B | MGR NEA 2004 B388 Or.2 | |||||||
| 2016-09-22 | 2016-09-22 | Library Block B | 2016-09-22 | MGR | A00639 | Library Block B | MGR NEA 2004 B388 Or.3 | |||||||
| 2016-09-22 | 2016-09-22 | Library Block B | 2016-09-22 | MGR | A00705 | Library Block B | MGR NEA 2004 B388 Or.4 | |||||||
| 2016-09-22 | 2016-09-22 | Library Block B | 2016-09-22 | MGR | A00563 | Library Block B | MGR NEA 2004 B388 Or.5 | |||||||
| 2016-09-22 | 2016-09-22 | Library Block B | 2016-09-22 | MGR | A02861 | Library Block B | MGR NEA 2004 B388 Or.6 | |||||||
| 2016-09-22 | 2016-09-22 | Library Block B | 2016-09-22 | MGR | A00855 | Library Block B | MGR NEA 2004 B388 Or.7 | |||||||
| 2016-09-22 | 2016-09-22 | Library Block B | 2016-09-22 | MGR | A01838 | Library Block B | MGR NEA 2004 B388 Or.8 | |||||||
| 2016-09-22 | 2016-09-22 | Library Block B | 2016-09-22 | MGR | A00869 | Library Block B | MGR NEA 2004 B388 Or.9 | |||||||
| 2016-09-22 | 2016-09-22 | Library Block B | 2016-09-22 | MGR | A02722 | Library Block B | MGR NEA 2004 B388 Or.10 | |||||||
| 2016-09-22 | 2016-09-22 | Library Block B | 2016-09-22 | MGR | A00671 | Library Block B | MGR NEA 2004 B388 Or.11 | |||||||
| 2016-09-22 | 2016-09-22 | Library Block B | 2016-09-22 | MGR | RUA062046 | Library Block B | MGR NEA 2004 B388 Or.12 | |||||||
| 2016-09-22 | 2017-08-17 | Library Block B | 2016-09-22 | 2017-08-16 | 1 | MGR | A00824 | Library Block B | MGR NEA 2004 B388 Or.13 | |||||
| 2016-09-22 | 2016-09-22 | Library Block B | 2016-09-22 | MGR | RUA061848 | Library Block B | MGR NEA 2004 B388 Or.14 |